000 00635nam a22001817a 4500
999 _c183850
_d183850
005 20220106113950.0
010 _aENG-130970
020 _a978-93-896-486-21
_c599.00
035 _aEN-114502
037 _bDBAD
082 _a921
100 _aRaghavan, R.K.
245 _aA Road Well Travelled:
_cR.K. Raghavan
_bAn Autobiography/
260 _aChennai
_bWestland Publications Private LImited
_c2020
270 _bChennai
_e600096
_a1st Floor, A Block, East Wing, Plot No. 40, SP infocity, Dr. MGR Salai, Perungundi, Kandanchavadi
300 _axi, 219p.
_c18cm(hbk)
_bAcknowledgement
942 _2ddc
_cEN
_h921
_mRAG